000
00212nam a2200085Ia 4500
008
170617s9999 xx 000 0 und d
100
_a
Brahmankar D.M
245
0
_a
BIOPHARMACEUTICS AND BIOPHARMACOKINETICS
260
_b
Vallabh
260
_c
2009
999
_c
15417
_d
15417